000 00410nam a22001577a 4500
999 _c60576
_d60576
005 20230911115845.0
008 230911s1974 enk||||| |||| 00| 0 eng d
041 _aeng
080 _a94(38) C-90
100 _aCrosher, Judith
_919795
245 _aThe Greeks /
_cJudith Crosher.
264 _aCambridge,
_c1974.
300 _a61 p. :
_bill. ;
_c27 cm.
653 _aბერძნები
942 _2udc
_cBK